01744nam a22002297a 450000500170000000800410001702000180005804000070007604100080008308200170009110000250010824500270013326000370016030000230019736500720022052009810029265000280127365000190130194200120132099900190133295201630135120260116085905.0260114b |||||||| |||| 00| 0 eng d a9789390343751 cAL aeng a820.33bMISK aKevin Missal9251360 aKarna b: after death  aLondonbSimon and Schusterc2025 a315p.bPBc20x13cm 2Political Sciencea5463b₹319.60c₹d₹399.00e20%f10-01-2026 aHe was meant to die on the battlefield. But fate had other plans. Karna, once the greatest warrior, survived the war that brought the world to its knees. Now, he lives in quiet obscurity, a teacher at a humble Gurukul, trying to bury the ghosts of Kurukshetra beneath lessons of peace. But the past never truly dies. When Rahu, a weapon of unimaginable power created by the empire and a young woman born of fire and shadows, escapes her masters, Karna is drawn once more into the heart of chaos. Greek legions march across broken lands, Rakshasas spill blood for sport, and the Nagas weave their treacherous plots beneath the earth. As kingdoms tremble, Karna must face a destiny crueler than any curse… to protect the girl who could end the world… or save it. He failed once. Can he find redemption this time? A sweeping tale of war, faith and fatherhood, this is the story of a fallen hero who discovers that some battles are fought not with weapons, but with the heart. aEnglish Fiction9251178 aBook 39251361 2ddccBK c240745d240745 00102ddc40708PSaALbALcSKd2026-01-13eBiblios Book Point, Surathkal-575014g319.00l0o820.33 MISKp078030r2026-01-14 09:49:04v399.00w2026-01-10yBK